Kadra reprezentacji Curaçao na Mistrzostwa Świata 2026 - Statystyki

Ogólne statystyki
  • Ten quiz został rozwiązany 3 razy
  • Średni wynik to 4 z 26
Statystyki odpowiedzi
Pozycja Klub Zawodnik % Poprawnych
Napastnik Miami FC Jürgen Locadia
67%
Obrońca Abha Club Juriën Gaari
67%
Bramkarz Miami FC Eloy Room
33%
Napastnik Beveren Jearl Margaritha
33%
Pomocnik Volendam Juninho Bacuna
33%
Pomocnik Maccabi Hajfa Kenji Gorré
33%
Pomocnik Igdir FK Leandro Bacuna
33%
Obrońca Konyaspor Riechedly Bazoer
33%
Obrońca RKC Waalwijk Roshon van Eijma
33%
Obrońca PEC Zwolle Sherel Floranus
33%
Pomocnik Sheffield United Tahith Chong
33%
Pomocnik Rotherham Ar'jany Martha
0%
Obrońca PSV Armando Obispo
0%
Napastnik Volendam Brandley Kuwas
0%
Obrońca NEC Nijmegen Deveron Fonville
0%
Napastnik Terengganu FC Gervane Kastaneer
0%
Pomocnik RKC Waalwijk Godfried Roemeratoe
0%
Pomocnik Kifisia Jeremy Antonisse
0%
Obrońca Kayserispor Joshua Brenet
0%
Pomocnik FC Den Bosch Kevin Felida
0%
Pomocnik FC Zürich Livano Comenencia
0%
Obrońca Sparta Rotterdam Shurandy Sambo
0%
Pomocnik Middlesbrough Sontje Hansen
0%
Bramkarz VVV-Venlo Trevor Doornbusch
0%
Pomocnik Telstar Tyrese Noslin
0%
Bramkarz SC Telstar Tyrick Bodak
0%
Nie znaleziono quizów pasujących do podanych kryteriów
Rozkład punktacji
Procent ludzi z każdym wynikiem
Percentyl według liczby udzielonych odpowiedzi
Twoja historia wyników
Nie rozwiązałeś tego quizu